| 000 | 00892nam a2200277 a 4500 | ||
|---|---|---|---|
| 001 | 55360 | ||
| 003 | BD-RjUL | ||
| 005 | 20211209080243.0 | ||
| 008 | 161116s1966 enkaf b 001 0 eng | ||
| 035 | _a(BD-RjUL)55482 | ||
| 040 |
_aDLC _cDLC _dICU _dBD-RjUL _beng |
||
| 041 | _aeng | ||
| 082 | 0 | 0 |
_a538.6 _223 _bFEI 1966 |
| 100 | 1 |
_aFerraro, Vincenzo Consolato Antonio, _d1907- _9164913 |
|
| 245 | 1 | 3 |
_aAn introduction to magneto-fluid mechanics / _cV. C. A. Ferraro and C. Plumpton. |
| 250 | _a2nd ed. | ||
| 260 |
_aOxford : _bClarendon P., _cc1966. |
||
| 300 |
_a[9], 254 p. : _bill. ; _c22 cm. |
||
| 504 | _aIncludes index and Bibliography: | ||
| 650 | 0 |
_aMagnetohydrodynamics. _9158502 |
|
| 650 | 0 |
_aPlasma (Ionized gases) _9160125 |
|
| 700 | 1 |
_aPlumpton, C. _q(Charles), _ejoint author. _9164914 |
|
| 740 | _aMagneto-fluid mechanics. | ||
| 942 |
_2ddc _cBK |
||
| 999 |
_c55360 _d55360 |
||